000 00535nam a22001817a 4500
005 20251108175850.0
008 250721s2022 xx 000 0 ara d
082 1 4 _a155.5/برن
100 1 _aبرنيت، دين
245 1 0 _aلماذا يقودك ابواك للجنون؟ /
264 1 _aالقاهرة :
_bعصير الكتب،
_c2022.
300 _a350ص.
650 1 7 _aعلم النفس
650 1 7 _aعلم نفس المراهقة
700 1 _aالعوضي، عمر
_eمترجم
942 _2ddc
_cBK
999 _c144289
_d144289